000 01642nam a2200421 a 4500
999 _c170961
_d170961
003 BLK
005 20230802113822.0
008 180411b bul|||||r ||||||| ||bul||
010 _aKNG00179193000
040 _aBLK
041 _aBUL
_cBUL
072 7 _2bullib
_aК
_xКраезнание
080 _aФестивали, музикални празнества
_b7.091.4
_x(497.215)
_z7.091.4(497.215)
100 _aЧавдарова, Ива Бончева
_d1954-
_9262882
139 _aЧавдарова, Ива
_bЧ 12
245 1 0 _a[Тридесет] 30 години Международен фестивал "Мартенски музикални дни"
_cИва Бончева Чавдарова; състав. Ива Бончева Чавдарова; състав. Васка Шейтанова.
_h[Малотир. изд.]
257 _aBGR
260 _aРусе
_bб. и.
_c1989
_9441842
300 _a94 с.
_c23 х 24 см
380 _a7
650 4 _aФестивали
_9175227
650 4 _aРусе - култура
_9251541
651 4 _aБългария
_9241624
651 4 _aРусе
_9179462
653 _aфестивали
653 _aММД
659 _aК
700 _aЧавдарова, Ива Бончева
_d1954-
_9262882
700 1 _aШейтанова, Васка
_eсъстав.
_9302802
852 _aЦб Гр А 2034
852 _aК 78/Ч 12 И
_bК
856 4 _qpdf
856 4 _qpdf
942 _cKNG
_n0
_s1
944 _aCR
_c06.08.2015
_k30556
_lТеодора Пейчева-Дянкова
944 _aED
_c06.08.2015
_kВаля_Йорданова
999 _d170961